近代建築の五原則 - Statistics

General Stats
  • This quiz has been taken 6 times
  • The average score is 1 of 5
Answer Stats
解答 % Correct
ピロティ
75%
屋上庭園
25%
水平連続窓
25%
自由な平面
0%
自由な正面
0%
No matching quizzes found
Score Distribution
Percent of People with Each Score
Percentile by Number Answered
Your Score History
You have not taken this quiz